| 000 | 00525nam a2200157 i 4500 | ||
|---|---|---|---|
| 001 | 54991 | ||
| 003 | ES-MaACL | ||
| 005 | 20230906163048.0 | ||
| 007 | t| | ||
| 008 | 030910s1972 sp ||||1| spa d | ||
| 110 | 2 |
_aDelegación Provincial de Mutualidades Laborales (Ávila) _93376 |
|
| 245 | 1 | 0 |
_aInforme de las actividades durante el periodo 1967/1971 / _cDelegación Provincial de Mutualidades Laborales. |
| 260 |
_a[Avila : _bs.n., _c1972] |
||
| 300 |
_a49 p., 4 gráf. ; _c21 cm. |
||
| 852 |
_aES-MaACL _jC-45158 _bR.82132 |
||
| 999 |
_c54991 _d54991 |
||